000 01537nam0a2200373 4500
001 RU\NLR\BIBL_A\012900993
005 20260407071608.0
010 _a978-5-09-095832-5
_91000
021 _aRU
_b2022-51526
_9КН-П-4476
035 _a(NLR Aleph) 012900993
090 _a12580764
_c12580764
100 _a20221003d2022 |||y0rusy50 ca
101 0 _arus
102 _aRU
105 _aac j 001zy
181 0 _ai
_baxxe
182 0 _an
200 1 _aФизика
_e10 класс
_eбазовый уровень
_eучебник
_fВ. В. Белага, И. А. Ломаченков, Ю. А. Панебратцев
203 _aТекст
_bвизуальный
_cнепосредственный
205 _a4-е изд., стер.
210 _aМосква
_cПросвещение
_d2022
215 _a223 с.
_cил., цв. ил., портр., табл.
_d26
225 1 _aСферы
313 _a3-е изд. 2021 г.
320 _aПредм.-темат. указ.: с. 222-223
606 1 _aФизика
_jУчебники для средней школы
_9898198
_3RU\NLR\AUTH\665898
686 1 _aВ3я721-1
700 1 _aБелага
_bВ. В.
_f1965-
_gВиктория Владимировна
701 1 _aЛомаченков
_bИ. А.
_gИван Алексеевич
701 1 _4070
_7ca
_8rus
_aПанебратцев
_bЮ. А.
_f1952-
_gЮрий Анатольевич
_3RU\NLR\AUTH\770281635
_92653602
942 _cBOOK
980 _aNB